Advances in X-Ray Analysis. Volume 36
Saved in:
| Format: | Book |
|---|---|
| Language: | English |
| Published: |
New York :
Plenum Press,
1993
|
| Tags: |
No Tags, Be the first to tag this record!
|
MARC
| LEADER | 00000nam a22000003a 4500 | ||
|---|---|---|---|
| 001 | stu22439 | ||
| 005 | 20141122072305.8 | ||
| 008 | 940523s1993----xxu-----------------eng-d | ||
| 020 | |a 0-306-44571-9 | ||
| 040 | |a STU |b slo | ||
| 041 | 0 | |a eng | |
| 044 | |a xxu | ||
| 080 | |a 543.52 | ||
| 245 | |a Advances in X-Ray Analysis. Volume 36 | ||
| 260 | |a New York : |b Plenum Press, |c 1993 | ||
| 300 | |a 685 s : |b Obr.,tab.,grafy,lit.,index | ||
| 996 | |b C92904 |c C*92904 |l CCIII |s P |a 0 |w stu22439_0001 | ||